Essai sur l'éducation, et spécialement sur celle du sourd-muet / (Record no. 161041)

MARC details
000 -LEADER
campo de control de longitud fija 00608nam a22001815i 4500
001 - NÚMERO DE CONTROL
campo de control 161041
003 - IDENTIFICADOR DE NÚMERO DE CONTROL
campo de control ES-MaACL
005 - FECHA Y HORA DE LA ÚLTIMA TRANSACCIÓN
campo de control 20230906212201.0
008 - DATOS DE LONGITUD FIJA--INFORMACIÓN GENERAL
campo de control de longitud fija 041013s1836 fr |||| | fre d
040 ## - FUENTE DE CATALOGACIÓN
Centro catalogador/agencia de origen CAM
Lengua de catalogación spa
Centro/agencia transcriptor CAM
100 1# - ENTRADA PRINCIPAL--NOMBRE DE PERSONA
Nombre de persona Ordinaire, Desire.
9 (RLIN) 223443
245 10 - MENCIÓN DEL TÍTULO
Título Essai sur l'éducation, et spécialement sur celle du sourd-muet /
Mención de responsabilidad, etc. par M. Désiré Ordinaire.
260 ## - PUBLICACIÓN, DISTRIBUCIÓN, ETC.
Lugar de publicación, distribución, etc. Paris :
Nombre del editor, distribuidor, etc. L. Hachette,
Fecha de publicación, distribución, etc. 1836 (
Fabricante Lottin de S.-Germain, Imprimeur)
300 ## - DESCRIPCIÓN FÍSICA
Extensión XV, 364 p. ;
Dimensiones 21 cm.
650 #4 - PUNTO DE ACCESO ADICIONAL DE MATERIA--TÉRMINO DE MATERIA
Término de materia o nombre geográfico como elemento de entrada Sordomudos-
Subdivisión general Educación.
9 (RLIN) 136892
852 ## - LOCALIZACIÓN
Ubicación ES-MaACL
Número de control de estantería C-3801
Nota libre -- Enc. hol.
Holdings
Estatus retirado Estado de pérdida Estado de daño No para préstamo Colección Biblioteca de origen Biblioteca actual Ubicación en estantería Fecha de adquisición Fuente de adquisición Total de préstamos Signatura topográfica completa Código de barras Visto por última vez Precio de reemplazo Tipo de ítem Koha
        Libros del s. XIX Biblioteca del Ateneo de Madrid Biblioteca del Ateneo de Madrid Sala Palomar 17/01/2008     C-3801 1168676 23/02/2023 23/02/2023 Libro impreso antiguo